书目信息 |
| 题名: |
弗洛姆文集
|
|
| 作者: | 冯川 | |
| 分册: | ||
| 出版信息: | 1997.08 |
|
| 页数: | 569页 | |
| 开本: | 19cm | |
| 丛书名: | ||
| 单 册: | ||
| 中图分类: | B712.59 | |
| 科图分类: | ||
| 主题词: | 哲学--美洲 | |
| 电子资源: | ||
| ISBN: | 7-80143-031-X | |
| 000 | 00484nam0 2200193 45 | |
| 001 | 0308271096 | |
| 005 | 20030827105615.1 | |
| 010 | @a7-80143-031-X@dRMB29.80 | |
| 100 | @a20030827d1997 km y0chiy0120 ea | |
| 101 | @achi | |
| 105 | @a z 000yy | |
| 200 | 1 | @a弗洛姆文集@Afu luo mu wen ji@f冯川@Ffeng chuan |
| 210 | @d1997.08 | |
| 215 | @a569页@c无图表@d19cm | |
| 606 | 0 | @a哲学@x美洲 |
| 690 | @aB712.59@v3 | |
| 701 | 0 | @a冯川 |
| 801 | @aCN@b@c20030827 | |
| 905 | @aBZT@dB712.59@e2 | |
| 弗洛姆文集/冯川.-1997.08 |
| 569页:无图表;19cm |
| ISBN 7-80143-031-X:RMB29.80 |
| ● |
| 相关链接 |
|
|
|
正题名:弗洛姆文集
索取号:B712.59/2
 
预约/预借
| 序号 | 登录号 | 条形码 | 馆藏地/架位号 | 状态 | 备注 |
| 1 | 76721 | 200490405 | 中心书库南/002架A面2层5列/ [索取号:B712.59/2] | 在馆 | |
| 2 | 76722 | 200490398 | 中心书库南/002架A面2层5列/ [索取号:B712.59/2] | 在馆 | |
| 3 | 76723 | 200490389 | 中心书库南/002架A面2层5列/ [索取号:B712.59/2] | 在馆 |